00618 2200217 4500001002100000005001500021035002000036007000300056008004100059020001800100082000800118084001400126100001200140245007800152250001800230260003200248300004800280650001200328700002400340856003600364INLIS00000000114010120220126012821 a0010-0122005284ta220126 d 0 ind  a979-676-567-5 a570 a570 SUD b0 aSudjadi1 aBIOLOGI :bSains Dalam Kehidupan /cDrs.Bagod Sudjadi,M.Ed;Dra.Siti laila aCetakan Kedua ajakarta :byudistira,c2005 avi+245 halaman :bIlustrasi ;c21 x 29,5 cm 4aBiologi0 aPenyunting:Zunaeldi aPerpustakaan Umum Kota Makassar